| 000 | 01216nam a2200325 i 4500 | ||
|---|---|---|---|
| 001 | 48789 | ||
| 003 | ES-MaACL | ||
| 005 | 20230906161824.0 | ||
| 007 | t| | ||
| 008 | 001025s2002 sp ||||0| spa j | ||
| 020 | _a84-7903-533-1 | ||
| 040 |
_aM-BN _bspa _cM-BN |
||
| 080 | _a611(084.4) | ||
| 245 | 0 | 0 |
_aAtlas de anatomía humana Sobotta / _ceditado por R. Putz y R. Pabst ; traducido por los profesores, Alfonso Llamas, José Luis Velayos y Ignacio Navascués. |
| 250 | _a21ª ed, 2ª reimp. | ||
| 260 |
_aMadrid : _bMédica Panamericana, _c2002. |
||
| 300 |
_a2 v : _bprincipalmente il. col. y n ; _c29 cm + _eCD-ROM. |
||
| 505 | 8 | _aContiene: t. 1. Cabeza, cuello y miembro superior t. 2. Tronco, vísceras y miembro inferior | |
| 650 | 4 |
_aAnatomía humana- _vAtlas. _99802 |
|
| 650 | 4 |
_aAnatomía humana- _vAtlas- _vCD-ROM. _99803 |
|
| 700 | 1 |
_aPutz, Reinhard. _994438 |
|
| 700 | 1 |
_aPabst, R. _988105 |
|
| 700 | 1 |
_aSobotta, Johannes. _9106990 |
|
| 700 | 1 |
_aLlamas, Alfonso. _972662 |
|
| 700 | 1 |
_aVelayos, José Luis. _9113785 |
|
| 700 | 1 |
_aNavascués, Ignacio. _985214 |
|
| 852 |
_aES-MaACL _jL-26748-9 _bR.132386 _z. - Libro |
||
| 852 |
_aES-MaACL _jROT 2/1/19 _z. - CD-ROM |
||
| 999 |
_c48789 _d48789 |
||